Γεωγραφικές βάσεις δεδομένων - Ανάπτυξη διαδικτυακής εφαρμογής "ενοικιάζεται" για την υποστήριξη των φοιτητών του Πανεπιστημίου Αιγαίου : πτυχιακή εργασία

Η παρούσα διπλωματική εργασία έχει ως στόχο την μελέτη των Γεωγραφικών Συστημάτων Πληροφοριών, των Γεωχωρικών Υπηρεσιών Δικτύου, των Χωρικών Δικτύων, τους αλγόριθμους εύρεσης γεωχωρικών πληροφοριών, την web εφαρμογή χαρτογράφησης Google Maps καθώς την ανάλυση και υλοποίηση ιστοσελίδας. Έτσι η εργασ...

Πλήρης περιγραφή

Αποθηκεύτηκε σε:
Λεπτομέρειες βιβλιογραφικής εγγραφής
Κύριος συγγραφέας: Ψαράς, Στέλιος
Συγγραφή απο Οργανισμό/Αρχή: Πανεπιστήμιο Αιγαίου. Σχολή Θετικών Επιστημών. Τμήμα Μηχανικών Πληροφοριακών και Επικοινωνιακών Συστημάτων
Άλλοι συγγραφείς: Αντωνίου, Πέτρος (Ο εκπονών διατριβή)
Μορφή: Thesis Βιβλίο
Γλώσσα:Greek
Δημοσίευση: 2010.
Θέματα:
Διαθέσιμο Online:http://hdl.handle.net/11610/8862
Ετικέτες: Προσθήκη ετικέτας
Δεν υπάρχουν, Καταχωρήστε ετικέτα πρώτοι!

MARC

LEADER 00000cam a2200000 i 4500
001 1/12907
008 110411s2010 gr | ||| |||| ||gre||
035 |l 10109977 
040 |a GR-MyUA  |b gre  |e AACR2 
041 0 |a gre 
082 0 |a 910.285   |2 (22)  
100 1 |a Ψαράς, Στέλιος. 
245 1 0 |a Γεωγραφικές βάσεις δεδομένων - Ανάπτυξη διαδικτυακής εφαρμογής "ενοικιάζεται" για την υποστήριξη των φοιτητών του Πανεπιστημίου Αιγαίου :   |b πτυχιακή εργασία /   |c Στέλιος Ψαράς, Πέτρος Αντωνίου ; επιβλέπων καθηγητής Θεόδωρος Τζουραμάνης.  
260 |c 2010.  
300 |a ix, 128 σ. :   |b εικ., σχέδια ;   |c 30 εκ.  
500 |a Μέλη της εξεταστικής επιτροπής: Θεόδωρος Τζουραμάνης, Ελισάβετ Κωνσταντίνου, Γεώργιος Καμπουράκης.  
502 |a Πτυχιακή εργασία – Πανεπιστήμιο Αιγαίου, Σάμος, 2010. 
504 |a Βιβλιογραφία: σ.1 24-125.  
506 1 |a Διάθεση πλήρους κειμένου ;   |d Ενδοπανεπιστημιακή δημοσίευση.  
520 |a Η παρούσα διπλωματική εργασία έχει ως στόχο την μελέτη των Γεωγραφικών Συστημάτων Πληροφοριών, των Γεωχωρικών Υπηρεσιών Δικτύου, των Χωρικών Δικτύων, τους αλγόριθμους εύρεσης γεωχωρικών πληροφοριών, την web εφαρμογή χαρτογράφησης Google Maps καθώς την ανάλυση και υλοποίηση ιστοσελίδας. Έτσι η εργασία έχει χωριστεί σε δυο μέρη. Το θεωρητικό όπου είναι τα κάτω κεφάλαια (1 μέχρι 5) και το πρακτικό όπου είναι η ανάπτυξη ιστοσελίδας. Θεωρητικά για την σελίδα αναφερόμαστε αργότερα στο κεφάλαιο 6. Η διαδικτυακή εφαρμογή που αναπτύξαμε έχει σαν στόχο την καλύτερη εξυπηρέτηση του φοιτητή του Πανεπιστημίου Αιγαίου που επιδιώκει την ενοικίαση κατοικίας στην έδρα του Πανεπιστημιακού Τμήματος στο οποίο φοιτά. Στο πρώτο κεφάλαιο της εργασίας παρουσιάζονται τα γεωγραφικά συστήματα πληροφοριών, η εξέλιξή τους και οι τεχνολογίες βάσεων δεδομένων που αναπτύχθηκαν για να τα υποστηρίξουν. Παρουσιάζονται επίσης δημοφιλή συστήματα διαχείρισης χωρικών βάσεων δεδομένων. Στο δεύτερο κεφάλαιο παρουσιάζονται οι γεωχωρικές υπηρεσίες διαδικτύου, η αρχιτεκτονική τους και οι τεχνολογίες πάνω στις οποίες βασίζονται. Στη συνέχεια γίνεται μια σύντομή αναφορά σε δημοφιλή λογισμικά GIS που υποστηρίζουν δικτυακές υπηρεσίες. Στο τρίτο κεφάλαιο εξετάζονται τα χωρικά δίκτυα και ο τρόπος δόμησης τους. Το τέταρτο κεφάλαιο πραγματεύεται τους διάφορους αλγόριθμους που χρησιμοποιούνται για την ανάλυσης των χωρικών δικτύων. Το πέμπτο κεφάλαιο αναφέρεται στην web εφαρμογή χαρτογράφησης Google Maps. Το έκτο κεφάλαιο, αναφέρεται στην ανάπτυξη της web εφαρμογής μας για σκοπό του Πανεπιστημίου Αιγαίου. 
540 |a Κλειδωμένη η δυνατότητα αντιγραφής (copy) του κειμένου.  
610 2 0 |a University of the Aegean  |x Dissertations. 
630 0 0 |a Google Maps. 
650 0 0 |a Geographic information systems. 
650 0 0 |a Web site development. 
650 0 0 |a Geodatabases. 
700 1 |a Αντωνίου, Πέτρος,  |e dis 
700 1 |a Τζουραμάνης, Θεόδωρος,  |e dgs 
710 2 |a Πανεπιστήμιο Αιγαίου.   |b Σχολή Θετικών Επιστημών.   |b Τμήμα Μηχανικών Πληροφοριακών και Επικοινωνιακών Συστημάτων. 
852 |a INST  |b SAMOS  |c DIATR  |e 20110411  |h 910.285 ΨΑΡ  |p 005300032800  |q 005300032800  |t DIE  |y 23 
852 |a INST  |b SAMOS  |c DIATR  |e 20110411  |h 910.285 ΨΑΡ  |p 005300032801  |q 005300032801  |t DIE  |y 23 
856 |u http://hdl.handle.net/11610/8862 
901 |a BIBL3-2011-1 
909 |a Σ  |b 166955 
909 |a Σ  |b 166956 
924 |a ΨΑΡΑΣ  |b ΣΤΕΛΙΟΣ  |y Σάμος  |z 2011-04 
970 |a ΚΟΣΙΕΡΗΣ  |b ΧΡΗΣΤΟΣ  |z 2011/04/11